[Event "120th ch-NZL"]
[Site "Wellington NZL"]
[Date "2013.01.01"]
[Round "2.7"]
[White "Fuatai,F"]
[Black "Goodhue,N"]
[Result "1/2-1/2"]
[WhiteElo "2018"]
[BlackElo "1990"]

1.e4 g6 2.d4 Bg7 3.Nc3 d6 4.f4 a6 5.a4 b6 6.Nf3 Bg4 7.Be3 Nd7 8.Bc4 e6 9.O-O Ne7
10.h3 Bxf3 11.Qxf3 O-O 12.Rad1 c6 13.Bd3 f5 14.g4 d5 15.exf5 exf5 16.g5 b5
17.h4 Nb6 18.h5 Rf7 19.hxg6 hxg6 20.a5 Nbc8 21.b4 Nd6 22.Ne2 Ne4 23.Kg2 Kf8
24.Rh1 Qd6 25.c3 Qe6 26.Bc1 Nc8 27.Rh7 Ncd6 28.Rdh1 Ke7 29.Bc2 Kd7 30.Qd3 Re8
31.Re1 Rfe7 32.Ng1 Qg8 33.Rh3 Re6 34.Rf1 Nc4  1/2-1/2

[Event "XLII Rilton Cup"]
[Site "Stockholm SWE"]
[Date "2013.01.03"]
[Round "7.32"]
[White "Jonsson,E"]
[Black "Mack,W"]
[Result "1/2-1/2"]
[WhiteElo "2056"]
[BlackElo "2306"]

1.e4 g6 2.d4 Bg7 3.Nc3 d6 4.f4 a6 5.Nf3 b5 6.Bd3 Nd7 7.Be3 Bb7 8.O-O c5 9.e5 Nh6
10.Be4 Bxe4 11.Nxe4 Ng4 12.Bf2 cxd4 13.exd6 Nxf2 14.Rxf2 Qb6 15.dxe7 Kxe7
16.Qe1 Rhe8 17.Qb4+ Kd8 18.Neg5 Re7 19.Re1 Qc5 20.Qxc5 Nxc5 21.Rxe7 Kxe7
22.Re2+ Kf8 23.Nxh7+ Kg8 24.Nhg5 d3 25.cxd3 Nxd3 26.b3 Nxf4  1/2-1/2

[Event "25th Staufer Open"]
[Site "Schwaebisch Gmuend GER"]
[Date "2013.01.04"]
[Round "5.10"]
[White "Bracker,F"]
[Black "Gebhardt,Uw"]
[Result "1-0"]
[WhiteElo "2376"]
[BlackElo "1972"]

1.e4 g6 2.d4 Bg7 3.Nc3 d6 4.Be3 c6 5.Qd2 Nd7 6.Nf3 b5 7.Bd3 Nb6 8.h3 Nf6
9.O-O O-O 10.Ne2 Rb8 11.Bh6 Nc4 12.Qc1 Qc7 13.b3 Nb6 14.Ng3 e5 15.Bxg7 Kxg7
16.dxe5 dxe5 17.Qg5 Re8 18.Nh4 Ng8 19.Qe3 Qe7 20.Nf3 a6 21.a4 Nd7 22.axb5 cxb5
23.Rfb1 Nc5 24.Be2 Nf6 25.b4 Na4 26.c4 Bd7 27.c5 Bc6 28.Nd2 h6 29.Nb3 Red8
30.Na5 Qe8 31.Rd1 Rbc8 32.f3 Qe6 33.Rd2 Rxd2 34.Qxd2 Ne8 35.Rd1 Rc7 36.Qc2 Rd7
37.Nf1 Rxd1 38.Qxd1 Nc3 39.Qd2 Nxe2+ 40.Qxe2 Qd7 41.Ne3 h5 42.Kf2 f6 43.Qa2 Nc7
44.Nxc6 Qxc6 45.Kf1 h4 46.Nd5 Ne6 47.Qf2 g5 48.Qa2 Nf4 49.Ne7 Qe6 50.Qxe6 Nxe6
51.c6 Kf7 52.Nd5 Ke8 53.Nxf6+ Kd8 54.Nd7 Nd4 55.Nxe5 Kc7 56.Kf2 Nc2 57.Nd3 Kxc6
58.g3  1-0

[Event "25th Staufer Open"]
[Site "Schwaebisch Gmuend GER"]
[Date "2013.01.04"]
[Round "6.5"]
[White "Dgebuadze,A"]
[Black "Heimrath,R"]
[Result "1-0"]
[WhiteElo "2524"]
[BlackElo "2273"]

1.e4 g6 2.d4 Bg7 3.Nc3 d6 4.Be3 a6 5.a4 Nd7 6.Nf3 h6 7.Qd2 e6 8.h3 Ne7 9.Bd3 b6
10.Ne2 Bb7 11.c4 a5 12.Rd1 Nc6 13.O-O e5 14.Qc1 Qc8 15.Bb1 Ba6 16.Rfe1 Kf8
17.dxe5 Ndxe5 18.Nxe5 Nxe5 19.b3 Kg8 20.Bd4 Bb7 21.Nf4 Kh7 22.Nd5 Re8 23.f4 Nd7
24.Bxg7 Kxg7 25.Qc3+ Kh7 26.e5 Bxd5 27.cxd5 Nc5 28.Qg3 dxe5 29.fxe5 Qd8 30.Rf1 Qe7
31.Rf6 Rg8 32.Rdf1 Raf8 33.e6 Qd6 34.Rxf7+ Rxf7 35.Rxf7+ Kh8  1-0

[Event "XLII Rilton Cup"]
[Site "Stockholm SWE"]
[Date "2013.01.04"]
[Round "8.34"]
[White "Azizi,H"]
[Black "Jonsson,E"]
[Result "1/2-1/2"]
[WhiteElo "2174"]
[BlackElo "2056"]

1.e4 d6 2.d4 g6 3.Nc3 Bg7 4.Be3 a6 5.a4 Nd7 6.Qd2 Ngf6 7.f3 c5 8.a5 O-O 9.g4 b5
10.axb6 Qxb6 11.Na4 Qb7 12.Bg2 Rb8 13.Ne2 Nb6 14.Nxb6 Qxb6 15.Rb1 Nd7 16.O-O cxd4
17.Nxd4 Qc7 18.b3 Nc5 19.Rfc1 Bb7 20.b4 Ne6 21.c4 Nxd4 22.Bxd4 Rfc8 23.Ba7 Ra8
24.Qf2 Bc6  1/2-1/2

[Event "25th Staufer Open"]
[Site "Schwaebisch Gmuend GER"]
[Date "2013.01.05"]
[Round "7.9"]
[White "Bracker,F"]
[Black "Walter,F"]
[Result "1-0"]
[WhiteElo "2376"]
[BlackElo "2091"]

1.e4 g6 2.d4 Bg7 3.Nc3 d6 4.Be3 Nd7 5.Qd2 a6 6.h4 Ngf6 7.f3 h5 8.Nh3 b5 9.O-O-O Bb7
10.Kb1 c5 11.dxc5 dxc5 12.Nd5 Nxd5 13.exd5 O-O 14.Nf4 c4 15.g4 hxg4 16.fxg4 c3
17.Qg2 cxb2 18.h5 g5 19.h6 Be5 20.Nd3 Bf6 21.Qe4 Nb6 22.Bxb6 Qxb6 23.Ne5 Bxe5
24.Qxe5 Qf6 25.Qe3 Qf4 26.Qxe7 Bxd5 27.Rh5 Kh8 28.Qxg5 Qxg5 29.Rxg5 Be6 30.Rd6 Rg8
31.Rxg8+ Rxg8 32.Bd3 Bxg4 33.Rxa6 Rg5 34.Kxb2 f5 35.Bxb5 Kh7 36.a4 Bf3 37.Bd3 Be4
38.Bxe4 fxe4 39.Re6  1-0

[Event "25th Staufer Open"]
[Site "Schwaebisch Gmuend GER"]
[Date "2013.01.05"]
[Round "7.18"]
[White "Schroeder,Ja"]
[Black "Tsolakidis,P"]
[Result "1-0"]
[WhiteElo "2300"]
[BlackElo "2098"]

1.e4 g6 2.d4 Bg7 3.Nc3 d6 4.Be3 a6 5.a4 b6 6.Nf3 Bg4 7.Be2 Nd7 8.h3 Bxf3
9.Bxf3 e5 10.dxe5 Nxe5 11.Be2 Ne7 12.O-O O-O 13.f4 Nd7 14.f5 Be5 15.Bh6 gxf5
16.exf5 Nf6 17.Bc4 Kh8 18.Qe1 b5 19.Bxf8 Qxf8 20.axb5 axb5 21.Rxa8 Qxa8 22.Bxf7 Qf8
23.Be6 Qh6 24.Ne4 Ng4 25.Qd2 Qh4 26.Qg5 Qxg5 27.Nxg5 Ne3 28.f6  1-0

[Event "XLII Rilton Cup"]
[Site "Stockholm SWE"]
[Date "2013.01.05"]
[Round "9.34"]
[White "Mattsson,M"]
[Black "Mack,W"]
[Result "1-0"]
[WhiteElo "2081"]
[BlackElo "2306"]

1.e4 g6 2.d4 Bg7 3.Nc3 d6 4.Be3 a6 5.Qd2 Nd7 6.h4 h5 7.O-O-O b5 8.Nh3 Bb7
9.Ng5 Ngf6 10.f3 Rc8 11.e5 dxe5 12.dxe5 Nxe5 13.Qxd8+ Rxd8 14.Rxd8+ Kxd8
15.Bd4 Nfd7 16.f4 Bh6 17.Kb1 Bxg5 18.hxg5 f6 19.fxe5 fxg5 20.e6 Nf6 21.Bd3 Rg8
22.Rd1 Kc8 23.Bc5 Rg7 24.Bd4 h4 25.Ne4 c5 26.Bxf6 exf6 27.Nd6+ Kb8 28.Nxb7 Kxb7
29.Bxg6 Re7 30.Bf5 Kc6 31.c4 Rg7 32.Rd7 Rg8 33.Be4+  1-0

[Event "18th Bosnjaci Open"]
[Site "Bosnjaci CRO"]
[Date "2013.01.06"]
[Round "5.19"]
[White "Petrusic,T"]
[Black "Kljako,D"]
[Result "1-0"]
[WhiteElo "2261"]
[BlackElo "2190"]

1.e4 g6 2.d4 Bg7 3.Nc3 d6 4.f4 Nf6 5.Bd3 O-O 6.Nf3 Bg4 7.h3 Bxf3 8.Qxf3 Nc6
9.Be3 e5 10.dxe5 dxe5 11.f5 Nd4 12.Qf2 gxf5 13.exf5 c6 14.O-O Re8 15.Bg5 e4
16.Bxf6 e3 17.Bxd8 exf2+ 18.Kxf2 Raxd8 19.Rfe1 Be5 20.Rad1 Kg7 21.g4 h6 22.Re4 Bf6
23.Rxe8 Rxe8 24.Ne4 Bh4+ 25.Kg2 Re5 26.c3 Nb5 27.Kf3 Nc7 28.Bc4 Ne8 29.b4 Nf6
30.Nd6 Re1 31.Rxe1 Bxe1 32.Bxf7 Bxc3 33.Be6 b5 34.Nc8 a6 35.Ne7 Bxb4 36.Nxc6 Bc3
37.Bc8 a5 38.Ba6 Nd5 39.Bxb5 Nb4 40.Nxa5 Nxa2 41.Nc4 Bf6 42.Nd6 Be5 43.Nc4 Bf6
44.Ne3 Nc3 45.Bc6 Bd4 46.Ng2 Kf6 47.Nf4 Be5 48.Nd3 Bd6 49.h4 h5 50.g5+ Kxf5
51.Bd7+ Kg6 52.Be8+ Kg7 53.Bxh5 Nd5 54.Bg4 Nb4 55.Nf4 Bxf4 56.Kxf4 Nd5+ 57.Ke5 Ne7
58.Bf5 Nc6+ 59.Kf4 Nd8 60.Bc2 Ne6+ 61.Kg4 Nd8 62.Bb3 Nc6 63.Ba2 Ne5+ 64.Kf5 Nf3
65.Kg4 Ne5+ 66.Kf4 Ng6+ 67.Kg3 Nf8 68.Kg4 Nd7 69.Kf5 Nf8 70.h5 Nd7 71.h6+ Kh7
72.Ke6 Nc5+ 73.Kf7 Nb7 74.Bb1+ Kh8 75.g6 Nd6+ 76.Ke7 Nc8+ 77.Kf8  1-0

[Event "11th Parsvnath Open"]
[Site "New Delhi IND"]
[Date "2013.01.06"]
[Round "3.6"]
[White "Saptarshi,R"]
[Black "Deviatkin,A"]
[Result "1-0"]
[WhiteElo "2411"]
[BlackElo "2569"]

1.e4 g6 2.d4 Bg7 3.Nc3 d6 4.Be3 a6 5.Qd2 b5 6.f3 Nd7 7.g4 Nb6 8.Bd3 Bb7 9.h4 h5
10.g5 e6 11.Nge2 Ne7 12.Ng3 c5 13.dxc5 dxc5 14.Bxc5 Nd7 15.Be3 Qc7 16.f4 O-O
17.O-O Nb6 18.Rae1 Rfd8 19.Qe2 Rac8 20.Nd1 Nc4 21.Bc1 Nc6 22.c3 Ne7 23.Nf2 Rd7
24.Rd1 Rcd8 25.a4 Rc8 26.axb5 axb5 27.Kh2 Rcd8 28.Kh3 Qc6 29.Rg1 Qc5 30.b3 Nd6
31.Be3 Qxc3 32.Bb6 Ra8 33.Bxb5 Bc6 34.Bxc6 Qxc6 35.Qe3 Rb8 36.Bc5 Rbd8 37.b4 Bf8
38.Rc1 Qb5 39.Rgd1 Nb7 40.Rxd7 Rxd7 41.Kg2 Nxc5 42.bxc5 Rc7 43.Ne2 Bg7 44.Nd3 Rd7
45.Nf2 Nc6 46.e5 Ne7 47.Nc3 Qc6+ 48.Nce4 Nf5 49.Qb3 Nxh4+ 50.Kh3 Nf5 51.Qb6 Rd3+
52.Kh2 Ne7  1-0

[Event "25th Staufer Open"]
[Site "Schwaebisch Gmuend GER"]
[Date "2013.01.06"]
[Round "9.38"]
[White "Pokrupa,M"]
[Black "Gebhardt,Uw"]
[Result "1-0"]
[WhiteElo "2210"]
[BlackElo "1972"]

1.e4 g6 2.d4 Bg7 3.Nc3 d6 4.Be3 c6 5.Qd2 Nd7 6.a4 a5 7.Be2 Ngf6 8.Bh6 Bxh6
9.Qxh6 e5 10.O-O-O Qe7 11.h4 Rg8 12.Qe3 Nf8 13.dxe5 dxe5 14.f4 exf4 15.Qxf4 Be6
16.Nh3 Bxh3 17.Rxh3 Ne6 18.Qf2 g5 19.e5 Nd7 20.Ne4 Nf4 21.Rb3 b6 22.Rxd7 Kxd7
23.Nf6+ Ke6 24.Bg4+ Kxe5 25.Ne8 Qc5 26.Qe1+ Kd4 27.Qe3+  1-0

[Event "18th Bosnjaci Open"]
[Site "Bosnjaci CRO"]
[Date "2013.01.09"]
[Round "9.26"]
[White "Radovic,V"]
[Black "Lujic,S"]
[Result "0-1"]
[WhiteElo "2138"]
[BlackElo "1926"]

1.e4 g6 2.d4 Bg7 3.Nc3 d6 4.Be3 Nf6 5.Qd2 O-O 6.f3 c6 7.O-O-O b5 8.Bh6 a5
9.g4 a4 10.Bxg7 Kxg7 11.h4 h5 12.g5 Nfd7 13.Nge2 Qa5 14.Ng3 b4 15.Nb1 Ba6
16.a3 c5 17.f4 Bxf1 18.Rhxf1 bxa3 19.Nxa3 Qxd2+ 20.Rxd2 Nc6 21.d5 Na5 22.Nxh5+  0-1

[Event "18th Bosnjaci Open"]
[Site "Bosnjaci CRO"]
[Date "2013.01.09"]
[Round "9.21"]
[White "Muskardin,M"]
[Black "Petricevic,P"]
[Result "1-0"]
[WhiteElo "2216"]
[BlackElo "2000"]

1.e4 g6 2.d4 Bg7 3.Nc3 d6 4.f4 e6 5.Nf3 Ne7 6.Be3 d5 7.e5 Nf5 8.Bf2 h5 9.Bd3 c6
10.Qd2 Nd7 11.h3 Qa5 12.O-O-O Bf8 13.g4 Ne7 14.Kb1 b5 15.Ne4 Qxd2 16.Nd6+ Kd8
17.Nxf7+ Kc7 18.Nxd2 Rg8 19.Nb3 c5 20.dxc5 a6 21.Ng5 Nb8 22.Nd4 Bh6 23.Ngxe6+ Bxe6
24.Nxe6+ Kd7 25.g5 Kxe6 26.gxh6 Nbc6 27.Bh4 Rh8 28.Bg5 Rag8 29.c3 Nd8 30.Bc2 Nf5
31.Bb3 Ne3 32.f5+ Kxe5 33.Bxe3 Kxf5 34.Rxd5+ Ke4 35.Bd4 Rxh6 36.Re5+ Kf4  1-0

[Event "Prague Open A 2013"]
[Site "Prague CZE"]
[Date "2013.01.09"]
[Round "1.6"]
[White "Kierzek,Mi"]
[Black "Vokac,M"]
[Result "0-1"]
[WhiteElo "2038"]
[BlackElo "2471"]

1.d4 g6 2.e4 Bg7 3.Nc3 d6 4.Nf3 a6 5.Be2 b5 6.a3 Bb7 7.O-O Nd7 8.Be3 Ngf6
9.Nd2 c5 10.d5 O-O 11.f4 e6 12.Bf3 exd5 13.exd5 Nb6 14.Nb3 Nc4 15.Bc1 Re8
16.Qd3 Qd7 17.Rb1 Re7 18.h3 Rae8 19.Kh2 h5 20.g3 Bc8 21.Bg2 Ne3 22.Bxe3 Rxe3
23.Qd1 b4 24.axb4 cxb4 25.Na2 Re2 26.f5 Nxd5 27.Qd3 Bb7 28.Rg1 R8e3 29.Qc4 Qxf5
30.Nd4 Qe4 31.Nc1 Rxg2+ 32.Rxg2 Nf4 33.Rg1 Bxd4 34.c3 Qc2+  0-1

[Event "TCh-CZE Div1 Vychod 2012-13"]
[Site "Czech Republic CZE"]
[Date "2013.01.13"]
[Round "5.1"]
[White "Ponizil,C"]
[Black "Votava,J"]
[Result "1-0"]
[WhiteElo "2377"]
[BlackElo "2534"]

1.e4 g6 2.d4 Bg7 3.Nc3 d6 4.Be3 a6 5.f4 b5 6.Nf3 Bb7 7.Bd3 Nd7 8.e5 e6 9.Qe2 Ne7
10.O-O-O Nb6 11.h4 h5 12.Ng5 Qd7 13.Kb1 Nf5 14.Nce4 Nd5 15.Bc1 Nxd4 16.Qf2 Nf5
17.c4 Nb4 18.Be2 bxc4 19.Nc5 Qb5 20.Nxb7 Qxb7 21.Bxc4 d5 22.Bb3 Qb6 23.Qf3 O-O
24.g4 Nd4 25.Qe3 Nxb3 26.Qxb3 Nc6 27.Qd3 Qb5 28.gxh5 Qxd3+ 29.Rxd3 gxh5 30.Be3 Rfc8
31.Bc5 Bf8 32.Rg3 Bxc5 33.Nxe6+ Kh7 34.Nxc5 Rg8 35.Rc3 Ne7 36.Nd7 Rg2 37.Rxc7 Kg6
38.Nf6 Rb8 39.b3 Nf5 40.Nxd5 Rd8 41.Rd1 Re8 42.Nf6 Rh8 43.Rdd7 Rf8 44.Nd5 Rh2
45.Rc6+ Kg7 46.Rf6 Nh6 47.f5 Ng4 48.Rg6+ Kh8 49.Rg5 Rxh4 50.f6 Rg8 51.Rxg8+ Kxg8
52.Rd8+ Kh7 53.e6  1-0

[Event "PSC Cup 2013"]
[Site "Manila PHI"]
[Date "2013.01.14"]
[Round "1.14"]
[White "Nazario,M"]
[Black "Pascua,H"]
[Result "0-1"]
[WhiteElo "2087"]
[BlackElo "2386"]

1.e4 d6 2.d4 g6 3.Nc3 Bg7 4.Be2 Nd7 5.h4 h5 6.Nf3 c5 7.Be3 b6 8.O-O Ngf6
9.e5 Ng4 10.e6 fxe6 11.Qd3 Nf8 12.Bg5 Bd7 13.Rfd1 Rc8 14.Qa6 d5 15.Nb5 Nf6
16.Ne5 Ne4 17.Nxd7 Nxd7 18.Bd3 Nxg5 19.hxg5 Kf7 20.Nxa7 Ra8 21.Qb7 Qb8 22.Qxd7 Rxa7
23.Bxg6+ Kxg6 24.Qxe6+ Kh7 25.Qf5+ Kg8 26.Qxd5+ Kh7 27.Qf5+ Kg8 28.Qd5+ Kh7
29.Qe4+ Kg8 30.g6 Bxd4 31.Qe6+ Kg7 32.Qf7+ Kh6 33.Rxd4 cxd4 34.g7 Rg8 35.Re1 e5
36.Qf6+ Kh7 37.Rxe5 Rgxg7 38.Rxh5+ Kg8 39.Rd5 Rae7 40.g3 Qe8 41.Rxd4 Qh5
42.Kg2 Ref7 43.Qd8+ Rf8 44.Qd5+ Qxd5+ 45.Rxd5 Re7 46.Kf1 Rfe8 47.a4 Re1+
48.Kg2 R1e2 49.a5 bxa5 50.Rxa5 Rf8 51.g4 Rexf2+ 52.Kg3 Rxc2 53.g5 Rc4  0-1

[Event "Dvorkovich Mem 2013"]
[Site "Taganrog RUS"]
[Date "2013.01.15"]
[Round "1.20"]
[White "Stukopin,A"]
[Black "Chernyh,V"]
[Result "1-0"]
[WhiteElo "2492"]
[BlackElo "2148"]

1.e4 g6 2.d4 Bg7 3.Nc3 d6 4.g3 Nc6 5.d5 Nb8 6.Bg2 Nf6 7.Nf3 Bg4 8.h3 Bxf3
9.Qxf3 Nbd7 10.O-O O-O 11.Qe2 e5 12.dxe6 fxe6 13.Be3 c6 14.f4 Nh5 15.Kh2 d5
16.Rad1 Qc7 17.Bf3 d4 18.Bxd4 Bxd4 19.Bxh5 gxh5 20.Rxd4 e5 21.Qc4+ Kh8 22.Nb5 Qd8
23.Rd3 cxb5 24.Qe6 exf4 25.Rxd7 fxg3+ 26.Kg2 Qg5 27.Rff7 Rxf7 28.Qxf7 Qh6
29.Qe7 h4 30.Qe5+ Kg8 31.Qxb5 Rf8 32.Qd5+ Kh8 33.Rd8 Qf4 34.Rxf8+ Qxf8 35.Qd4+ Kg8
36.Qxa7 Qb4 37.Qb8+ Kf7 38.Qf4+ Kg8 39.Qg4+ Kf7 40.Qf5+ Kg7 41.Qe5+ Kg6 42.Qf5+ Kg7
43.Qg5+ Kf7 44.Qf4+ Kg6 45.Qg4+ Kf7 46.Qf3+ Kg6 47.Qe2 Qxb2 48.Qg4+ Kf7 49.Qxh4 Qxc2+
50.Kxg3 Qc3+ 51.Kg4 Qc8+ 52.Kg3 Qc3+ 53.Kg2 Qg7+ 54.Qg3  1-0

[Event "Paul Keres Mem IM 2013"]
[Site "Tallin EST"]
[Date "2013.01.16"]
[Round "5.4"]
[White "Agopov,M"]
[Black "Lapidus,M"]
[Result "0-1"]
[WhiteElo "2429"]
[BlackElo "2215"]

1.e4 d6 2.d4 g6 3.Nc3 Bg7 4.Be3 a6 5.Qd2 b5 6.a4 b4 7.Nce2 Bb7 8.Ng3 a5 9.Bd3 Nd7
10.Nf3 h5 11.h3 Rc8 12.Ng5 e6 13.O-O d5 14.exd5 Bxd5 15.c4 bxc3 16.bxc3 Nb6
17.Qe2 Ne7 18.Bf4 h4 19.N3e4 Nf5 20.Nc5 Qe7 21.Rfe1 Kf8 22.Rac1 Kg8 23.Bxf5 gxf5
24.c4 Ba8 25.d5 Bf6 26.Qe3 Bxd5 27.Nxf7 Kxf7 28.cxd5 Nxd5 29.Qf3 Nxf4 30.Qxf4 Qd6
31.Qc4 Rce8 32.Rcd1 Qc6 33.Rd7+ Kg6 34.Re3 Rh7 35.Rxh7 Kxh7 36.g4 Rd8 37.Qc2 Bd4
38.Rd3 Rd5 39.Rxd4 Rxd4 40.gxf5 Qf3 41.fxe6+ Kh6  0-1

[Event "TCh-AUT 2012-13"]
[Site "Graz AUT"]
[Date "2013.01.17"]
[Round "4.6"]
[White "Kavcic,Z"]
[Black "Thiede,L"]
[Result "1-0"]
[WhiteElo "2269"]
[BlackElo "2441"]

1.e4 g6 2.d4 Bg7 3.Nc3 d6 4.f4 a6 5.Nf3 e6 6.Be3 Ne7 7.Qd2 Nd7 8.O-O-O Nf6
9.Bd3 b5 10.a3 Bd7 11.h3 h5 12.f5 exf5 13.Bg5 fxe4 14.Bxe4 Rb8 15.Rde1 Kf8
16.Qf4 Neg8 17.Rhf1 Be8 18.Nh4 Bh6 19.Bd3 Kg7 20.Kb1 Bxg5 21.Qxg5 Nh7 22.Nf5+ Kf8
23.Qxd8 Rxd8 24.Nh4 Kg7 25.Nd5 c5 26.Nc7 Bc6 27.Bxg6 Nhf6 28.Bf5 Nh6 29.dxc5 dxc5
30.Nxa6 c4 31.Nb4 Ba8 32.Rf2 Rd4 33.g3 Rhd8 34.Kc1 c3 35.bxc3 Rc4 36.Kb2 Be4
37.Rf4 Bxf5 38.Nxf5+ Nxf5 39.Rxf5 Ne4 40.Rxb5 Nxc3 41.Rxh5 Nd1+ 42.Kc1 Nc3
43.Rf5 Ra8 44.Re7 Rxa3 45.Rfxf7+ Kg8 46.Rg7+ Kf8 47.Rgf7+ Kg8 48.Kb2 Ra4
49.Rg7+ Kf8 50.Ref7+ Ke8 51.Rb7 Kf8 52.Rgf7+ Kg8 53.Rfd7 Ra8 54.Kb3 Rac8
55.h4 Ne4 56.Nd5 Nd2+ 57.Ka3 Ra8+ 58.Kb2 Ne4 59.Rg7+ Kh8 60.Rh7+ Kg8 61.Rhg7+ Kh8
62.Nf4  1-0

[Event "38th Seville Open"]
[Site "Seville ESP"]
[Date "2013.01.17"]
[Round "7.16"]
[White "Das,Arg"]
[Black "Diaz Castro,Ser1"]
[Result "1-0"]
[WhiteElo "2466"]
[BlackElo "2224"]

1.e4 g6 2.d4 Bg7 3.Nc3 d6 4.f4 c6 5.Nf3 Bg4 6.Be3 Qb6 7.Qd2 Bxf3 8.gxf3 e6
9.O-O-O d5 10.f5 exf5 11.exf5 Nd7 12.Bg5 a5 13.Bh3 Ngf6 14.Rhe1+ Kf8 15.Qf4 Kg8
16.fxg6 hxg6 17.Bxd7 Nxd7 18.Re7 Rf8 19.Rxd7 f6 20.Na4 Qb4 21.Qc7 Rh7 22.Nc5 fxg5
23.a3 Qc4 24.Ne6 Be5 25.Qxe5 Rxd7 26.Nxf8 Kxf8 27.Re1  1-0

[Event "Paul Keres Mem FIDE 2013"]
[Site "Tallin EST"]
[Date "2013.01.17"]
[Round "7.1"]
[White "Vepkhvishvili,V"]
[Black "Kukk,S"]
[Result "0-1"]
[WhiteElo "2256"]
[BlackElo "2184"]

1.e4 g6 2.d4 Bg7 3.Nc3 d6 4.Be2 Nf6 5.f4 O-O 6.g4 d5 7.e5 Ne4 8.Nxe4 dxe4
9.Be3 Nc6 10.h4 Nb4 11.Nh3 Nd5 12.Qd2 b5 13.O-O-O a6 14.Nf2 f5 15.h5 Re8
16.Rdg1 Kf7 17.Nh3 Bh6 18.Ng5+ Bxg5 19.fxg5 Rg8 20.Rf1 Ke8 21.gxf5 Bxf5 22.c4 Nxe3
23.Qxe3 c6 24.Rd1 Qb6 25.Qb3 Rf8 26.hxg6 Bxg6 27.c5 Qc7 28.Rhf1 Qd7 29.Qe3 Rd8
30.Rf4 Rxf4 31.Qxf4 Qf5 32.Qe3 Qe6 33.b3 Kf7 34.Kb2 Kg7 35.Kc3 a5 36.a3 a4
37.Rb1 axb3 38.Rxb3 Ra8 39.Kc2 Bf7 40.Rb2 Qd5 41.Kd1 Ra4 42.Rb4 Rxb4 43.axb4 Qb3+
44.Qxb3 Bxb3+ 45.Kd2 Kg6 46.Ke3 Kxg5 47.Bxb5 cxb5 48.c6 Bd5 49.c7 Bb7 50.d5 Kf5
51.Kd4 e3 52.d6 exd6 53.exd6 Ke6 54.Kc5 e2 55.Kb6 Bc8  0-1

[Event "5th Chennai Open 2013"]
[Site "Chennai IND"]
[Date "2013.01.18"]
[Round "2"]
[White "Ramaswamy,A"]
[Black "Wan Yunguo"]
[Result "0-1"]
[WhiteElo "2105"]
[BlackElo "2497"]

1.e4 d6 2.d4 g6 3.Nc3 Bg7 4.Be3 a6 5.Bd3 Nd7 6.Nf3 b5 7.Ne2 Bb7 8.h3 e5 9.c3 Ngf6
10.Ng3 O-O 11.dxe5 dxe5 12.a4 Bc6 13.axb5 axb5 14.O-O Ne8 15.Nd2 Nd6 16.Nb3 f5
17.exf5 gxf5 18.Nh5 Rxa1 19.Nxa1 Qe8 20.Nxg7 Kxg7 21.f4 Qg6 22.Qd2 Rg8 23.Rf2 Nf6
24.Qc2 Nd5 25.Bc1 e4 26.Bf1 Kh6 27.Nb3 e3 28.Rf3 Nb4 29.cxb4 Bxf3 30.Bxe3 Nc4
31.Bc5 Be4 32.Qf2 Kg7 33.Nd4 c6 34.Nf3 Rd8 35.Bd4+ Kg8 36.Nh4 Qh6 37.Bc3 Rd1
38.Qg3+ Kf8 39.Nf3 Ne3 40.Ne1 Nxf1 41.Kxf1 Qg6 42.Qf2 Kg8 43.Kg1 h6 44.Kh2 Qf7
45.Qc5 Kh7 46.Qf2 Rd8 47.Nf3 Rg8 48.Ne1 Qe7 49.Qd4 h5 50.Qf2 Kh6 51.Nf3 Bxf3
52.Qxf3 Qe6 53.Qf2 Qe4 54.Kg1 Re8 55.Qh4 Qe7 56.Qg3 Qe3+ 57.Qxe3 Rxe3 58.Kf2 Re4
59.Kf3 Rc4 60.g3 Kg6 61.g4 hxg4+ 62.hxg4 fxg4+ 63.Kxg4 Re4 64.Bd2 Rd4 65.Bc3 Rc4
66.Bd2 Rd4 67.Bc3 Re4 68.Bd2 Kf6 69.Bc3+ Ke6 70.Kg5 Re2 71.f5+ Kd5 72.f6 Rf2
73.Kg6 Ke6 74.Kg5 Rf1 75.Bd4 Rf3 76.Bc3 Rf5+ 77.Kg6 Rf4 78.Kg5 Rc4 79.Kg6 Rg4+
80.Kh5 Rg2 81.Kh6 Kf7 82.Kh5 Rg6 83.Kh4 Rxf6 84.Bxf6 Kxf6 85.Kg4 Ke5 86.Kg5 Kd4
87.Kf5 Kc4 88.Ke5 Kxb4 89.Kd6 c5 90.Kd5 c4 91.Kc6 Ka5 92.Kc5 Ka4  0-1

[Event "TCh-CAT Div Hon 2013"]
[Site "Catalonia ESP"]
[Date "2013.01.19"]
[Round "1.8"]
[White "Llaneza Vega,P"]
[Black "Fernandez Madrid,C"]
[Result "1/2-1/2"]
[WhiteElo "2241"]
[BlackElo "2160"]

1.e4 g6 2.d4 Bg7 3.Nc3 d6 4.f4 Nf6 5.Nf3 O-O 6.Bd3 Na6 7.O-O c5 8.d5 Bg4
9.Bc4 Rb8 10.Qe2 Nc7 11.a4 a6 12.a5 e6 13.dxe6 Nxe6 14.Bxe6 fxe6 15.h3 Bxf3
16.Rxf3 Nh5 17.f5 Bd4+ 18.Be3 Bxe3+ 19.Qxe3 Qe7 20.fxe6 Qxe6 21.Nd5 Rxf3
22.Qxf3 Rf8 23.Qb3 Qf7 24.Rd1 Kg7 25.Qc3+ Kg8 26.Qb3 Kg7 27.Qc3+  1/2-1/2

[Event "5th Chennai Open 2013"]
[Site "Chennai IND"]
[Date "2013.01.19"]
[Round "4"]
[White "Nitin,S"]
[Black "Abhishek,A"]
[Result "1/2-1/2"]
[WhiteElo "2367"]
[BlackElo "1959"]

1.e4 g6 2.d4 Bg7 3.Nc3 d6 4.f4 Nf6 5.Nf3 O-O 6.Bd3 Na6 7.O-O c5 8.Bxa6 cxd4
9.Nxd4 bxa6 10.Nb3 Qb6+ 11.Kh1 Bb7 12.Qe1 Nxe4 13.Nxe4 Qc6 14.Na5 Qxe4 15.Nxb7 Qxb7
16.c3 Qd5 17.Qe2 Qb5 18.c4 Qb7 19.Rb1 a5 20.b3 a4 21.f5 Bf6 22.Bh6 Rfc8 23.Rf3 d5
24.Rbf1 dxc4 25.bxc4 Qc6  1/2-1/2

[Event "Marianske Lazne Open 2013"]
[Site "Marianske Lazne CZE"]
[Date "2013.01.19"]
[Round "1.8"]
[White "Granovskiy,A"]
[Black "Grochocinska,U"]
[Result "1-0"]
[WhiteElo "2290"]
[BlackElo "1851"]

1.d4 d6 2.e4 g6 3.Nc3 Bg7 4.Be3 Nf6 5.Qd2 a6 6.Bh6 O-O 7.Bxg7 Kxg7 8.O-O-O b5
9.f3 Bb7 10.g4 Nbd7 11.Nge2 c5 12.dxc5 Nxc5 13.Ng3 Rc8 14.g5 Nfd7 15.h4 Ne5
16.Bh3 Rc6 17.f4 Ncd3+ 18.Kb1 Nxb2 19.fxe5 Nxd1 20.Qxd1 Qa5 21.Nce2 dxe5
22.Qd5 Qc7 23.Qb3 Rc4 24.h5 a5 25.a3 a4 26.Qf3 Rxc2 27.hxg6 fxg6 28.Bf5 Qc4
29.Rxh7+ Kg8 30.Be6+ Qxe6 31.Rh8+ Kxh8 32.Qxf8+ Kh7 33.Kxc2 Qa2+ 34.Kd1 Qxa3
35.Qf7+ Kh8 36.Qf8+ Kh7 37.Qf7+ Kh8 38.Qxg6 Qd6+ 39.Qxd6 exd6 40.Nc3 Bc6
41.Nd5 Kh7 42.Ne7 Be8 43.Ngf5 Bh5+ 44.Kc1 b4 45.Nxd6 a3 46.Kc2 Bd1+ 47.Kb1 b3
48.g6+ Kh6 49.Ndf5+ Kh5 50.g7 Bc2+ 51.Kc1 Bxe4 52.Ng3+ Kh6 53.g8=N+ Kg5 54.Nxe4+ Kf4
55.Ngf6 Ke3 56.Nc5 b2+ 57.Kc2 Kd4 58.Nce4 Kc4 59.Ned5 Kb5 60.Ndc3+ Kb4 61.Na2+ Kc4
62.Nec3 Kd4 63.Nb1 e4 64.Nxa3 e3 65.Nb1 Ke5 66.Nd7+ Kf4 67.Kd1 Ke4 68.Ke2 Kd4
69.Nac3 Kc4 70.Ne5+ Kb3 71.Kd3 e2 72.Nxe2 Ka2 73.Kc2 Ka1 74.Nc4 Ka2 75.Nbd2 Ka1
76.Nb3+ Ka2 77.Nc3+  1-0

[Event "Dvorkovich Mem 2013"]
[Site "Taganrog RUS"]
[Date "2013.01.19"]
[Round "5.33"]
[White "Sipetin,Vladislav"]
[Black "Chernyh,V"]
[Result "1/2-1/2"]
[WhiteElo "2058"]
[BlackElo "2148"]

1.e4 g6 2.d4 Bg7 3.Nc3 d6 4.Nf3 Nc6 5.Be2 Nf6 6.Be3 Bg4 7.Qd2 h6 8.h3 Bd7
9.O-O-O a6 10.Nh4 e5 11.dxe5 Nxe4 12.Nxe4 Qxh4 13.f4 Qe7 14.Nc3 dxe5 15.Nd5 Qd6
16.Bc5 Qxc5 17.Nxc7+ Kf8 18.Nxa8 Nd4 19.c3 Ba4 20.Rde1 Ke7 21.Bg4 Rxa8 22.Qxd4 Qxd4
23.cxd4 f5 24.Bd1 Rc8+ 25.Kd2 Bxd1 26.Rxd1 exf4 27.Rc1 Rxc1 28.Rxc1 Bxd4
29.Rc7+ Kf6 30.Rxb7 g5 31.Ke2 g4 32.b4 Kg5 33.a4 Kh4 34.hxg4 fxg4 35.Rd7 Be3
36.Rd6 Kg3 37.Kf1 h5 38.Rxa6 h4 39.Rg6 f3 40.gxf3 Kxf3 41.Rf6+ Kg3 42.b5 h3
43.Rg6 Kf3 44.Rf6+ Kg3 45.Rg6 Kf3 46.Rf6+  1/2-1/2

[Event "TCh-LTU 2013"]
[Site "Vilnius LTU"]
[Date "2013.01.19"]
[Round "1.1"]
[White "Bucinskas,V"]
[Black "Klabis,R"]
[Result "0-1"]
[WhiteElo "2373"]
[BlackElo "2150"]

1.e4 d6 2.d4 g6 3.Nc3 Bg7 4.g3 Nd7 5.Bg2 e5 6.Be3 Ngf6 7.h3 O-O 8.Nge2 Re8
9.O-O Qe7 10.g4 Nb6 11.b3 Bxg4 12.hxg4 Nxg4 13.Ng3 Qh4 14.Re1 Nxe3 15.Rxe3 exd4
16.Rd3 dxc3 17.Ne2 Rad8 18.Rb1 Nd7 19.b4 Qe7 20.Nxc3 Bxc3 21.Rxc3 Nf6 22.Re3 Nh5
23.Qg4 Qe5 24.Rbb3 Nf4 25.Bf1 h5 26.Qg3 Ne6 27.Qg2 Kg7 28.Rbc3 c6 29.Bc4 Qg5
30.Rg3 Qc1+ 31.Kh2 d5 32.exd5 cxd5 33.Bd3 Nf4 34.Qf3 Re7 35.Rc5 Rd6 36.Rg1 Qd2
37.Rd1 Qxb4 38.Rc8 Nxd3 39.Qxd3 Rf6 40.Kg1 Qg4+ 41.Kf1 Qxc8  0-1

[Event "TCh-LTU 2013"]
[Site "Vilnius LTU"]
[Date "2013.01.19"]
[Round "2.4"]
[White "Sulskis,G"]
[Black "Paulauskiene,V"]
[Result "1-0"]
[WhiteElo "2229"]
[BlackElo "2078"]

1.e4 d6 2.d4 g6 3.Nc3 Bg7 4.Be3 Nd7 5.Qd2 e5 6.O-O-O Ne7 7.h4 h5 8.Kb1 c6
9.f3 Qa5 10.Nb5 Qxd2 11.Nxd6+ Kf8 12.Rxd2 exd4 13.Bxd4 Bxd4 14.Rxd4 Nb6 15.Nxc8 Rxc8
16.Nh3 Kg7 17.Be2 c5 18.Rd6 Rhd8 19.Rhd1 Nc6 20.c3 Rxd6 21.Rxd6 Rd8 22.Rxd8 Nxd8
23.Nf4 Kf6 24.Kc2 Ne6 25.Nxe6 fxe6 26.f4 e5 27.g3 Nc8 28.Bc4 Nd6 29.Bd5 b6
30.Kd3 Ne8 31.fxe5+ Kxe5 32.Bf7  1-0